Explaining the birth of the local government association (Record no. 52285)

000 -LEADER
fixed length control field 01102pab a2200157 454500
008 - FIXED-LENGTH DATA ELEMENTS--GENERAL INFORMATION
fixed length control field 180718b2002 xxu||||| |||| 00| 0 eng d
100 ## - MAIN ENTRY--PERSONAL NAME
Personal name Entwistle, Tom
245 ## - TITLE STATEMENT
Title Explaining the birth of the local government association
260 ## - PUBLICATION, DISTRIBUTION, ETC.
Date of publication, distribution, etc. 2002
300 ## - PHYSICAL DESCRIPTION
Extent p.91-102.
362 ## - DATES OF PUBLICATION AND/OR SEQUENTIAL DESIGNATION
Dates of publication and/or sequential designation Spring
520 ## - SUMMARY, ETC.
Summary, etc. In the summer of 1995 the three local authority associations that had provided English and Welsh local authorities with their national representation voted to merge and form the Local Government Association. This article explains the merger as dependent upon the coincidence of three conditions. The first was a positive belief in the benefits of merger shared by the leaderships of the three associations. The second was a disruption of the status quo prompted by the Conservative government's proposals for local government reorganisation. The third was a change in Labour Party policy away from the defence of a dedicated metropolitan association to a preference for a unified cross-party association.
650 ## - SUBJECT ADDED ENTRY--TOPICAL TERM
Topical term or geographic name entry element Local government
773 ## - HOST ITEM ENTRY
Main entry heading Local Government Studies
909 ## -
-- 52285
Holdings
Withdrawn status Lost status Damaged status Not for loan Permanent Location Current Location Date acquired Serial Enumeration / chronology Barcode Date last seen Price effective from Koha item type
        Indian Institute of Public Administration Indian Institute of Public Administration 2018-07-19 Volume no: 28, Issue no: 1 AR52715 2018-07-19 2018-07-19 Articles

Powered by Koha